College accounting/ (Record no. 253807)
[ view plain ]
| 000 -LEADER | |
|---|---|
| fixed length control field | 00500nam a22001817a 4500 |
| 003 - CONTROL NUMBER IDENTIFIER | |
| control field | OSt |
| 005 - DATE AND TIME OF LATEST TRANSACTION | |
| control field | 20170303103652.0 |
| 008 - FIXED-LENGTH DATA ELEMENTS--GENERAL INFORMATION | |
| fixed length control field | 160517b xxu||||| |||| 00| 0 eng d |
| 010 ## - LIBRARY OF CONGRESS CONTROL NUMBER | |
| LC control number | 2006910206 |
| 020 ## - INTERNATIONAL STANDARD BOOK NUMBER | |
| International Standard Book Number | 9780324382495 |
| 040 ## - CATALOGING SOURCE | |
| Transcribing agency | n/a |
| 050 ## - LIBRARY OF CONGRESS CALL NUMBER | |
| Classification number | HF5635 |
| Item number | .H45 2008 |
| 100 ## - MAIN ENTRY--PERSONAL NAME | |
| Personal name | Heintz,James A. |
| 245 ## - TITLE STATEMENT | |
| Title | College accounting/ |
| Statement of responsibility, etc | Robert W. Parry & Heintz,James A. |
| Remainder of title | Chapters 1-15. |
| 250 ## - EDITION STATEMENT | |
| Edition statement | 19th ed |
| 260 ## - PUBLICATION, DISTRIBUTION, ETC. (IMPRINT) | |
| Place of publication, distribution, etc | Mason, OH : |
| Name of publisher, distributor, etc | Thomson/South-Western, |
| Date of publication, distribution, etc | c2008. |
| 942 ## - ADDED ENTRY ELEMENTS (KOHA) | |
| Source of classification or shelving scheme | Library of Congress Classification |
| Koha item type | Long Loan Books |
| Withdrawn status | Lost status | Source of classification or shelving scheme | Damaged status | Not for loan | Collection code | Home library | Current library | Shelving location | Date acquired | Total Checkouts | Full call number | Barcode | Date last seen | Date checked out | Price effective from | Koha item type | Checked out |
|---|---|---|---|---|---|---|---|---|---|---|---|---|---|---|---|---|---|
| Library of Congress Classification | Non-fiction | Rongo University Library | Rongo University Library | General Stacks | 17/05/2016 | 1 | HF5635.H45 2008 | 20157337 | 27/06/2016 | 16/06/2016 | 17/05/2016 | Long Loan Books | |||||
| Library of Congress Classification | Non-fiction | Rongo University Library | Rongo University Library | General Stacks | 03/03/2017 | HF5635.H45 2008 | 201614370 | 03/03/2017 | 03/03/2017 | Long Loan Books | |||||||
| Library of Congress Classification | Non-fiction | Rongo University Library | Rongo University Library | General Stacks | 15/03/2017 | 1 | HF5635 .H45 2008 | 201610591 | 09/03/2020 | 02/03/2020 | 15/03/2017 | Long Loan Books | |||||
| Library of Congress Classification | Non-fiction | Rongo University Library | Sori Campus | General Stacks | 09/03/2017 | 3 | HF5635 .H45 2008 | 201614684 | 23/06/2025 | 23/06/2025 | 09/03/2017 | Long Loan Books | 01/07/2026 |
